The police the accused and criminal injustice / (Record no. 125756)

MARC details
000 -LEADER
fixed length control field 00763nam a22002297a 4500
005 - DATE AND TIME OF LATEST TRANSACTION
control field 20170124105959.0
010 ## - LIBRARY OF CONGRESS CONTROL NUMBER
LC control number B-895517
020 ## - INTERNATIONAL STANDARD BOOK NUMBER
Terms of availability 00.00
International Standard Book Number 8170248264
035 ## - SYSTEM CONTROL NUMBER
System control number B-895517
037 ## - SOURCE OF ACQUISITION
Source of stock number/acquisition Cen Lib/Ret
040 ## - CATALOGING SOURCE
Original cataloging agency DPL
Language of cataloging EN
082 ## - DEWEY DECIMAL CLASSIFICATION NUMBER
Classification number 364.3
Item number VAD
100 ## - MAIN ENTRY--PERSONAL NAME
Personal name Vadackumchery,James
9 (RLIN) 32159
245 ## - TITLE STATEMENT
Title The police the accused and criminal injustice /
Statement of responsibility, etc by James Vadackumchery
260 ## - PUBLICATION, DISTRIBUTION, ETC. (IMPRINT)
Place of publication, distribution, etc New Delhi
Name of publisher, distributor, etc A.P.H.publishing corporation
Date of publication, distribution, etc 1997
270 ## - ADDRESS
Address 5,Ansari road Darya Ganj
City New Delhi
Postal code 110002
300 ## - PHYSICAL DESCRIPTION
Extent xii,213p.
Dimensions 21cm(Hb)
500 ## - GENERAL NOTE
General note Includes bibliographical reference and index
650 ## - SUBJECT ADDED ENTRY--TOPICAL TERM
Topical term or geographic name as entry element Police corruption
Geographic subdivision India
9 (RLIN) 15405
650 ## - SUBJECT ADDED ENTRY--TOPICAL TERM
Topical term or geographic name as entry element Criminal justice, Administration
9 (RLIN) 15406
942 ## - ADDED ENTRY ELEMENTS (KOHA)
Source of classification or shelving scheme Dewey Decimal Classification
Koha item type English Books
Classification part 364.3
Call number suffix VAD
Holdings
Withdrawn status Lost status Damaged status Not for loan Home library Current library Date acquired Source of acquisition Cost, normal purchase price Total Checkouts Full call number Barcode Date last seen Copy number Cost, replacement price Price effective from Koha item type Public note
Written off       Central Library Central Library 23/06/2015 Cen Lib/Ret 0.00   364.3 VAD B-895517 23/06/2015 1 0.00 15/09/2016 English Books W/d List No. 6860/25 ; dtd 05/08/2020

© Delhi Public Library
Hit Counter
free hit counter